Upanyasik RajaniKanta Bordoloi (Record no. 2944)
[ view plain ]
| 000 -LEADER | |
|---|---|
| fixed length control field | 00509cam a2200193ua 4500 |
| 001 - CONTROL NUMBER | |
| control field | 3100 |
| 005 - DATE AND TIME OF LATEST TRANSACTION | |
| control field | 20260515113632.0 |
| 008 - FIXED-LENGTH DATA ELEMENTS--GENERAL INFORMATION | |
| fixed length control field | 110928n ii |||gr||||Z||||||asm |
| 040 ## - CATALOGING SOURCE | |
| Transcribing agency | MAIN |
| 082 ## - DEWEY DECIMAL CLASSIFICATION NUMBER | |
| Classification number | 891.4513 |
| 100 1# - MAIN ENTRY--PERSONAL NAME | |
| Personal name | Barkataky, Biren, |
| Relator term | Editor., |
| 245 11 - TITLE STATEMENT | |
| Title | Upanyasik RajaniKanta Bordoloi |
| Statement of responsibility, etc. | ed. by Biren Barkataky |
| 250 ## - EDITION STATEMENT | |
| Edition statement | 2nd. |
| 260 ## - PUBLICATION, DISTRIBUTION, ETC. | |
| Place of publication, distribution, etc. | Jorhat: |
| Name of publisher, distributor, etc. | Assam sahitya sabha,988. |
| 300 ## - PHYSICAL DESCRIPTION | |
| Extent | 176p: |
| Dimensions | 23cm. |
| 653 ## - INDEX TERM--UNCONTROLLED | |
| Uncontrolled term | Assamese novel |
| 653 ## - INDEX TERM--UNCONTROLLED | |
| Uncontrolled term | Upanyasik RajaniKanta Bordoloi |
| 942 ## - ADDED ENTRY ELEMENTS (KOHA) | |
| Koha item type | Books |
| Withdrawn status | Lost status | Damaged status | Not for loan | Home library | Current library | Shelving location | Date acquired | Total checkouts | Full call number | Barcode | Date last seen | Date last checked out | Copy number | Price effective from | Koha item type |
|---|---|---|---|---|---|---|---|---|---|---|---|---|---|---|---|
| Naharkatiya College Library | Naharkatiya College Library | General stacks | 09/19/2020 | 2 | 891.4513 | BAR | 7950 | 02/25/2023 | 02/20/2023 | 4 | 09/19/2020 | Books | ||||
| Naharkatiya College Library | Naharkatiya College Library | General stacks | 09/19/2020 | 891.4513 | BAR | 7951 | 09/19/2020 | 1 | 09/19/2020 | Books | ||||||
| Naharkatiya College Library | Naharkatiya College Library | General stacks | 09/19/2020 | 891.4513 | BAR | 7952 | 09/19/2020 | 3 | 09/19/2020 | Books | ||||||
| Naharkatiya College Library | Naharkatiya College Library | General stacks | 09/19/2020 | 1 | 891.4513 | BAR | 7954 | 04/07/2026 | 03/28/2026 | 2 | 09/19/2020 | Books | ||||
| Naharkatiya College Library | Naharkatiya College Library | General stacks | 09/19/2020 | 891.4513 | BAR | 7955 | 09/19/2020 | 6 | 09/19/2020 | Books | ||||||
| Naharkatiya College Library | Naharkatiya College Library | General stacks | 09/19/2020 | 891.4513 | BAR | 7956 | 09/19/2020 | 5 | 09/19/2020 | Books |